Laranja mecânica / (Record no. 523)

MARC details
000 -LÍDER
campo de controle de tamanho fixo 01464nam a22003134a 4500
001 - NÚMERO DE CONTROLE
campo de controle 523
003 - IDENTIFICADOR DO NÚMERO DE CONTROLE
campo de controle BR-RjBN
005 - DATA E HORÁRIO DA ÚLTIMA TRANSAÇÃO
campo de controle 20260525082312.0
008 - CAMPO DE DADOS FIXOS--INFORMAÇÃO GERAL
campo de controle de tamanho fixo 140101s2014 sp 000 f por d
020 ## - ISBN - INTERNATIONAL STANDARD BOOK NUMBER
ISBN - International Standard Book Number 9788576570035
040 ## - FONTE DA CATALOGAÇÃO
Idioma da catalogação por
041 1# - CÓDIGO DE IDIOMA
Código do idioma do texto/trilha sonora ou título diferente por
Código do idioma do original e/ou traduções intermediárias do texto eng
082 ## - CDD - CLASSIFICAÇÃO DECIMAL DE DEWEY
Número de Classificação 823
Número do exemplar B955l
100 1# - ENTRADA PRINCIPAL--NOME PESSOAL
Nome pessoal Burgess, Anthony.
240 10 - TÍTULO UNIFORME
Título uniforme A Clockwork Orange.
245 10 - TÍTULO
Título Laranja mecânica /
Indicação de responsabilidade, etc. Anthony Burgess.
260 ## - PUBLICAÇÃO, DISTRIBUIÇÃO, ETC.
Local de publicação, distribuição, etc. São Paulo :
Nome do editor, distribuidor, etc. Aleph,
Data da publicação, distribuição, etc. 2014.
300 ## - DESCRIÇÃO FÍSICA
Extensão 224 p. ;
520 ## - NOTA DE RESUMO, ETC.
Resumo, etc. Narrado pelo adolescente Alex, líder de uma gangue violenta em uma sociedade futurista, o romance retrata um mundo marcado pela brutalidade e pelo controle estatal. Após ser preso, Alex é submetido a um experimento psicológico criado pelo governo para eliminar comportamentos violentos, levantando questionamentos sobre liberdade individual, moralidade e manipulação social. Considerada uma das obras mais importantes da literatura distópica do século XX, a narrativa destaca-se também pela linguagem inventada chamada Nadsat, criada pelo próprio autor. O livro inspirou a famosa adaptação cinematográfica dirigida por Stanley Kubrick em 1972.
650 #0 - ASSUNTO--TERMO TÓPICO
Cabeçalho tópico ou nome geográfico Literatura inglesa.
9 (RLIN) 89
650 #0 - ASSUNTO--TERMO TÓPICO
Cabeçalho tópico ou nome geográfico Distopia.
650 #0 - ASSUNTO--TERMO TÓPICO
Cabeçalho tópico ou nome geográfico Violência.
650 #0 - ASSUNTO--TERMO TÓPICO
Cabeçalho tópico ou nome geográfico Controle social.
650 #0 - ASSUNTO--TERMO TÓPICO
Cabeçalho tópico ou nome geográfico Ficção científica.
9 (RLIN) 63
655 #0 - TERMO DE ÍNDICE--GÊNERO E FORMA
Gênero/forma/ou termo foco Romance.
655 #0 - TERMO DE ÍNDICE--GÊNERO E FORMA
Gênero/forma/ou termo foco Ficção.
700 1# - ENTRADA ADICIONADA - NOME PESSOAL
Nome pessoal Kubrick, Stanley,
Função do autor por extenso adap.
942 ## - ELEMENTOS DE ENTRADA ADICIONADOS (KOHA)
Fonte de classificação ou esquema de arquivamento Classificação decimal de Dewey
Ocultar no OPAC Não
Tipo de material Koha Livros
Holdings
Situação do descarte Situação das perdas Fonte de classificação ou esquema de arquivamento Status danificado Não pode ser emprestado Coleção Biblioteca de origem Biblioteca atual Localização na estante Data de aquisição Fonte de aquisição Total de empréstimos Número de chamada completo Código de barras Data de último acesso Data do preço efetivo Tipo de material Koha
    Classificação decimal de Dewey     Ficção Biblioteca Professor Eduardo Afonso de Castro Biblioteca Professor Eduardo Afonso de Castro Literatura Estrangeira 25.05.2026 doação   823 / B955l 2026-17459 25.05.2026 25.05.2026 Livros

Powered by Koha